Fredericton International Airport Destinations (Fredericton, Canada) - Statistics

General Stats
  • This quiz has been taken 26 times
    16 since last reset
  • The average score is 5 of 6
Answer Stats
Airline Destination % Correct
Air Canada Express Montréal (Trudeau)
100%
Porter Airlines Ottawa
100%
Porter Airlines Toronto (Billy Bishop)
100%
Air Canada/Air Canada Rouge Toronto (Pearson)
100%
WestJet Calgary
85%
Air Transat Cancún
46%
No matching quizzes found
Score Distribution
Percent of People with Each Score
Percentile by Number Answered
Your Score History
You have not taken this quiz since the last reset